[Event "St Petersburg Summer op"]
[Site "St Petersburg"]
[Date "2017.08.21"]
[Round "6"]
[White "Bukellal, Arsh"]
[Black "Gurvich, Vitaly"]
[Result "1/2-1/2"]
[WhiteElo "1925"]
[BlackElo "2310"]
[PlyCount "80"]
[EventDate "2017.08.16"]
[EventType "swiss"]
[EventRounds "9"]
[EventCountry "RUS"]
[SourceTitle "CBM 180 Extra"]
[Source "ChessBase"]
[SourceDate "2017.10.06"]
[SourceVersion "1"]
[SourceVersionDate "2017.10.06"]
[SourceQuality "1"]

1. d4 Nf6 2. c4 g6 3. f3 d5 4. cxd5 Nxd5 5. e4 Nb6 6. Nc3 Bg7 7. Be3 0-0 8. Qd2 Nc6 9. 0-0-0 f5 10. e5 Nb4 11. Nh3 N4d5 12. Nxd5 Nxd5 13. Bc4 Kh8 14. Bxd5 Qxd5 15. b3 Rd8 16. Bh6 Qc6+ 17. Kb2 Bxe5 18. dxe5 Rxd2+ 19. Rxd2 Be6 20. Rhd1 Re8 21. Ng5 Qb5 22. f4 Bc8 23. Rd8 Kg8 24. e6 c5 25. a4 Qc6 26. Nf7 Bxe6 27. Ne5 Qxg2+ 28. R1d2 Qxd2+ 29. Rxd2 Rc8 30. Kc3 b6 31. h4 a6 32. h5 b5 33. axb5 axb5 34. Rg2 Bf7 35. Nxf7 Kxf7 36. hxg6+ hxg6 37. Re2 c4 38. Bg5 cxb3+ 39. Kxb3 Rc7 40. Kb4 Rb7 1/2-1/2

[Event "St Petersburg Summer op"]
[Site "St Petersburg"]
[Date "2017.08.19"]
[Round "4"]
[White "Bukellal, Arsh"]
[Black "Oskin, Iakov"]
[Result "1-0"]
[WhiteElo "1925"]
[BlackElo "1472"]
[PlyCount "87"]
[EventDate "2017.08.16"]
[EventType "swiss"]
[EventRounds "9"]
[EventCountry "RUS"]
[SourceTitle "CBM 180 Extra"]
[Source "ChessBase"]
[SourceDate "2017.10.06"]
[SourceVersion "1"]
[SourceVersionDate "2017.10.06"]
[SourceQuality "1"]

1. d4 d5 2. c4 c6 3. Nf3 e6 4. Qc2 Nf6 5. Bg5 Be7 6. g3 0-0 7. Bg2 Nbd7 8. 0-0 h6 9. Bf4 dxc4 10. Qxc4 Nb6 11. Qc2 Nfd5 12. Bd2 Bd7 13. e4 Nf6 14. b4 Ne8 15. Rc1 f6 16. Nh4 Kh7 17. Nf3 Kh8 18. a3 Nc7 19. Bf1 Qe8 20. Bf4 Rc8 21. Nbd2 g5 22. Bxc7 Rxc7 23. Re1 Qf7 24. Nc4 h5 25. Nfd2 Rcc8 26. e5 fxe5 27. Nb3 Nxc4 28. Bxc4 exd4 29. Nxd4 c5 30. Nxe6 Bxe6 31. Bxe6 Qf6 32. Bxc8 Rxc8 33. Qe2 Rc7 34. Qxh5+ Kg7 35. Qg4 cxb4 36. axb4 a6 37. Qe6 Qxe6 38. Rxe6 Bxb4 39. Rb6 Bc5 40. Rb3 Bd6 41. Kg2 Kg6 42. Rb6 Rc6 43. Rxc6 bxc6 44. Rxa6 1-0

[Event "St Petersburg Summer op"]
[Site "St Petersburg"]
[Date "2017.08.18"]
[Round "3"]
[White "Cherepov, Alexej"]
[Black "Bukellal, Arsh"]
[Result "1-0"]
[WhiteElo "2122"]
[BlackElo "1925"]
[PlyCount "51"]
[EventDate "2017.08.16"]
[EventType "swiss"]
[EventRounds "9"]
[EventCountry "RUS"]
[SourceTitle "CBM 180 Extra"]
[Source "ChessBase"]
[SourceDate "2017.10.06"]
[SourceVersion "1"]
[SourceVersionDate "2017.10.06"]
[SourceQuality "1"]

1. d4 Nf6 2. c4 e6 3. g3 d5 4. Nf3 Bb4+ 5. Bd2 Be7 6. Bg2 c6 7. Qc2 0-0 8. 0-0 b6 9. b3 Ba6 10. a4 Nbd7 11. a5 Qc8 12. Na3 Rd8 13. Rfc1 Ne4 14. Be1 Bf6 15. Ra2 c5 16. b4 cxb4 17. Bxb4 Qb7 18. Nd2 Nxd2 19. Qxd2 Rac8 20. Rac2 Nb8 21. axb6 axb6 22. cxd5 Rxc2 23. Nxc2 exd5 24. Ne3 Bb5 25. Nxd5 Rxd5 26. Bxd5 1-0